| Tag |
First Indicator |
Second Indicator |
Subfields |
| LEADER |
00000cam a2200000 4500 |
| 001 |
in00000031614 |
| 005 |
20151007061737.0 |
| 008 |
730104s1921 mauc 00010aeng u |
| 010 |
|
|
|a 21021571
|
| 035 |
|
|
|a (OCoLC)00528413
|
| 035 |
|
|
|9 AAD2932AM
|
| 040 |
|
|
|c HEI
|d TXA
|d UtOrBLW
|
| 049 |
|
|
|a TXAM
|c [348110]
|
| 050 |
|
0 |
|a PS1928
|b .A3 1921
|
| 092 |
|
|
|a 818
|b H637
|
| 100 |
1 |
|
|a Higginson, Thomas Wentworth,
|d 1823-1911.
|
| 245 |
1 |
0 |
|a Letters and journals of Thomas Wentworth Higginson, 1846-1906 /
|c ed. by Mary Thacher Higginson.
|
| 264 |
|
1 |
|a Boston,
|a New York :
|b Houghton Mifflin company,
|c 1921.
|
| 300 |
|
|
|a 4 pages ., 358 pages, 1 :
|b frontispiece (portrait) ;
|c 21 cm.
|
| 336 |
|
|
|a text
|b txt
|2 rdacontent
|
| 337 |
|
|
|a unmediated
|b n
|2 rdamedia
|
| 338 |
|
|
|a volume
|b nc
|2 rdacarrier
|
| 700 |
1 |
|
|a Higginson, Mary Potter Thacher,
|d 1844-1941.
|
| 999 |
|
|
|a MARS
|
| 999 |
f |
f |
|s a4722597-4148-3b91-9d24-f9b84e8cb212
|i 45820098-8f3b-32e8-9db0-d39f26330cda
|t 0
|
| 952 |
f |
f |
|p normal
|a Texas A&M University
|b College Station
|c Sterling C. Evans Library
|d Evans: Library Stacks
|t 0
|e PS1928 .A3 1921
|h Library of Congress classification
|i unmediated -- volume
|m A14813868252
|
| 998 |
f |
f |
|a PS1928 .A3 1921
|t 0
|l Evans: Library Stacks
|